Traduire ces mots anglais en français - Statistiques

Statistiques générales
  • Ce quiz a été pris 5 135 fois
    5 094 depuis la dernière actualisation
  • Le résultat moyen est 8 sur 10
Statistiques - réponses
Anglais Francais % Correct
No Non
100%
Book Livre
93%
Small Petit
92%
Purple Violet
91%
Car Voiture/Auto
88%
Mother Mère
87%
Tiger Tigre
86%
Good evening Bonsoir
62%
Selfish égoïste
51%
However Cependant/mais
42%
Aucun quiz correspondant
Distribution des résultats
% des personnes avec chaque résultat
Percentile par nombre de réponses
Votre historique - résultats
Vous n’avez pas pris ce quiz depuis la dernière actualisation